Vplyv daní na podnikateľskú sféru Slovenskej republiky

Analýza fiškálnej a mimofiškálnej funkcie v kontexte hodnotenia vplyvu daní na podnikateľskú sféru Slovenskej republiky. Problematika mimofiškálnych funkcií zdanenia. Vplyv dôchodkovej dane na finančné rozhodovanie podnikov. Vplyv dane z pridanej hodnoty .

Saved in:
Bibliographic Details
Main Author: Lénártová, Gizela
Format: Book Chapter
Language:Slovak
Subjects:
Tags: Add Tag
No Tags, Be the first to tag this record!

MARC

LEADER 00000naa a2200000 4500
001 r037063
005 20230929091830.5
041 0 |a slo 
044 |a CZ 
245 1 0 |a Vplyv daní na podnikateľskú sféru Slovenskej republiky  |c Gizela Lénártová 
520 |a Analýza fiškálnej a mimofiškálnej funkcie v kontexte hodnotenia vplyvu daní na podnikateľskú sféru Slovenskej republiky. Problematika mimofiškálnych funkcií zdanenia. Vplyv dôchodkovej dane na finančné rozhodovanie podnikov. Vplyv dane z pridanej hodnoty . 
610 2 0 |a dane 
610 2 0 |a hospodárstvo trhové 
610 2 0 |a podnikanie 
610 2 0 |a funkcie podniku mimoekonomické 
610 2 0 |a dane dôchodkové 
610 2 0 |a dane z hodnoty pridanej 
610 2 0 |a náklady 
610 2 0 |a odpisy daňové 
610 2 0 |a financovanie podnikov 
610 2 0 |a Slovensko 
100 1 |a Lénártová, Gizela